| 000 | 00866nam a2200301 a 4500 | ||
|---|---|---|---|
| 003 | AR-BaBNM | ||
| 005 | 20251128203830.0 | ||
| 008 | 082120s2002 ||||||||||||||000 | spa|| | ||
| 020 | _a950-685-01-1 | ||
| 040 | _cAR-BaBNM | ||
| 110 | 1 |
_aArgentina _bDirección de Información Parlamentaria |
|
| 245 | 0 | 0 |
_aDivorcio _n1 |
| 260 |
_aBuenos Aires _bDirección de Información Parlamentaria del Congreso de la Nación _c1986 |
||
| 300 | _a706 p. | ||
| 490 | 0 |
_aEstudios e investigaciones _vv. 4 |
|
| 500 | _aIndice de nombres p. 691-706 | ||
| 504 | _aBibliografía p. 685-687 | ||
| 650 | 4 | _aDERECHO CIVIL | |
| 650 | 4 | _aDERECHO DE FAMILIA | |
| 650 | 4 | _aDIVORCIO | |
| 650 | 4 | _aLEGISLACION | |
| 650 | 4 | _aDEBATES [DERECHO] | |
| 650 | 4 | _aPROYECTOS DE LEY | |
| 651 | 4 | _aArgentina | |
| 700 | 1 |
_aAmestoy, Juan Luis _edirector |
|
| 942 | _cBK | ||
| 998 | _cCarmen | ||
| 999 |
_c5094 _d5094 |
||